Políticas : (Registro nro. 12335)
[ vista simple ]
| 000 -LEADER | |
|---|---|
| fixed length control field | 01337nam a2200241Ia 4500 |
| 003 - CONTROL NUMBER IDENTIFIER | |
| control field | OSt |
| 005 - DATE AND TIME OF LATEST TRANSACTION | |
| control field | 20210903115137.0 |
| 008 - FIXED-LENGTH DATA ELEMENTS--GENERAL INFORMATION | |
| fixed length control field | 210310s1999 ck ad gr 000 0 spa d |
| 020 ## - INTERNATIONAL STANDARD BOOK NUMBER | |
| International Standard Book Number | 958802532X |
| 040 ## - CATALOGING SOURCE | |
| Original cataloging agency | CO-JMCR |
| Transcribing agency | CO-JMCR |
| 041 0# - LANGUAGE CODE | |
| Language code of text/sound track or separate title | spa |
| 082 04 - DEWEY DECIMAL CLASSIFICATION NUMBER | |
| Classification number | 338.64 / |
| Item number | B152p |
| Edition number | 23 |
| 110 1# - MAIN ENTRY--CORPORATE NAME | |
| Corporate name or jurisdiction name as entry element | banco Interamericano de Desarrollo |
| Relator term | autor |
| 9 (RLIN) | 6750 |
| 245 10 - TITLE STATEMENT | |
| Title | Políticas : |
| Remainder of title | Desarrollo de la pequeña y mediana empresa en Colombia / |
| Statement of responsibility, etc. | Banco Interamericano de Desarrollo Departamento Nacional de Planeación |
| 260 ## - PUBLICATION, DISTRIBUTION, ETC. | |
| Date of publication, distribution, etc. | 1999 |
| 300 ## - PHYSICAL DESCRIPTION | |
| Extent | 215 páginas : |
| Other physical details | ilustraciones y gráficas en blanco y negro ; |
| Dimensions | 24 cm. |
| 501 ## - WITH NOTE | |
| With note | Con : notas a pie de página. |
| 505 0# - FORMATTED CONTENTS NOTE | |
| Title | Instrumentos para el desarrollo de las Pymes en Colombia. / |
| Statement of responsibility | Luís Alberto Zuleta. -- |
| Title | Política tecnológica para las Pymes en Colombia. / |
| Statement of responsibility | Félix Moreno. -- |
| Title | Política hacia el talento humano para la Pyme en Colombia. / |
| Statement of responsibility | Juan Alfredo Pinto, Fabiola Suárez. -- |
| Title | Las Pymes en Colombia: perspectivas de mercado. / |
| Statement of responsibility | José Fernando Dueñas. -- |
| Title | Política de financiamiento para Pymes en Colombia. / |
| Statement of responsibility | Consuelo Dávila. -- |
| Title | Relatoría de los foros nacionales. / |
| Statement of responsibility | Lino Jaramillo. |
| 650 14 - SUBJECT ADDED ENTRY--TOPICAL TERM | |
| Topical term or geographic name entry element | Políticas de las Pymes |
| 9 (RLIN) | 27947 |
| 650 24 - SUBJECT ADDED ENTRY--TOPICAL TERM | |
| Topical term or geographic name entry element | Las Pymes y sus asociaciones. |
| 9 (RLIN) | 39968 |
| 650 24 - SUBJECT ADDED ENTRY--TOPICAL TERM | |
| Topical term or geographic name entry element | Estrategias e instituciones |
| General subdivision | Pymes |
| 9 (RLIN) | 39969 |
| 942 ## - ADDED ENTRY ELEMENTS (KOHA) | |
| Source of classification or shelving scheme | Dewey Decimal Classification |
| Koha item type | Books |
| Withdrawn status | Lost status | Source of classification or shelving scheme | Damaged status | Not for loan | Home library | Current library | Shelving location | Date acquired | Source of acquisition | Full call number | Barcode | Date last seen | Copy number | Price effective from | Koha item type |
|---|---|---|---|---|---|---|---|---|---|---|---|---|---|---|---|
| Dewey Decimal Classification | Biblioteca Pública José María del Castillo y Rada | Biblioteca Pública José María del Castillo y Rada | General Stacks | 04/15/2018 | Donación | 338.64 / B152p | 430005849 | 05/16/2024 | Ej.1 | 03/10/2021 | Books |